Вече карам колело (Запис номер 134914)
[ съкратено ]
| 000 -Лидер | |
|---|---|
| Контролно поле с фиксирана дължина | 01361nam a2200325 c 4500 |
| 003 - Код на организацията, давaща контролен номер | |
| Контролно поле | BLK |
| 005 - Дата и час на последна редакция | |
| Контролно поле | 20231127113645.0 |
| 008 - Елементи от данни с фиксирана дължина | |
| fixed length control field | 180409b bul|||||r ||||||| ||bul|| |
| 010 ## - Наследен системен номер | |
| LC control number | KNG00140834000 |
| 020 ## - Международен стандартен номер на книга ISBN | |
| Международен стандартен номер на книга ISBN | 978-954-09-0531-0 |
| -- | издат.: Захарий Стоянов |
| 040 ## - Източник на каталожния запис | |
| Идентификатор на билиотеката - собственик на записа | BLK |
| 041 ## - Код за език | |
| Код за езика на текст/звукозапис или на отделно заглавие | Български |
| Код за езика КДБФ | Български |
| 072 #7 - Код за тематичната категория | |
| Код организация | bullib |
| Код за тематична категория | Н85 |
| Текст | Детска художествена литература Н |
| 080 ## - УДК | |
| Текстов определител УДК | Българска литература |
| УДК код - определител по УДК | 821.163.2 |
| УДК определител | -93-1 |
| УДК - код + определител | 821.163.2-93-1 |
| 100 1# - Редна дума - Автор | |
| Автор | Стефанова, Лиляна Димитрова |
| Авторска отговорност | първи автор |
| R(LIN) | 255914 |
| 139 ## - Редно поле | |
| Редна дума | Стефанова, Лиляна Димитрова |
| Авторски знак | Сте - С 75 |
| 245 10 - Сведения за заглавието | |
| Заглавие | Вече карам колело |
| Подзаглавни данни | Стихове за моите малки приятели |
| Редно поле (дума) | Лиляна Димитрова Стефанова; ил. Борислав Владимиров Стоев. |
| 257 ## - Страна на издаване | |
| Страна на създаване/издаване | България |
| 260 ## - Област на издателските данни | |
| -- | София |
| Име на издателя, разпространителя и проч. | Захарий Стоянов |
| Година на издаване | 2011 |
| Печатница | Ямбол : Светлина |
| 300 ## - Физическа характеристика | |
| Страници | 96 с. |
| Илюстрации и др. | с цв. ил. |
| Размери/Мащаб | 24 см |
| 380 ## - Жанр | |
| Жанр | Детска худож. лит. |
| 659 ## - Тематичен бюлетин | |
| Тематичен бюлетин | Н |
| 700 1# - Други автори (авторска отговорност) | |
| Лично име | Стоев, Борислав Владимиров |
| Автороска отговорност (Описва отношението между автора и произведението) | ил. |
| 9 (RLIN) | 365108 |
| 852 ## - Местоположение | |
| Форматна сигнатура | Цб 258775 |
| 856 4# - Електронен адрес и достъп | |
| Електронен формат | pdf - файл |
| Път до файла /url/ | |
| 856 4# - Електронен адрес и достъп | |
| Електронен формат | pdf - файл |
| Път до файла /url/ | |
| 942 ## - АРТИКУЛИ | |
| Вид на библиотечния материал | Книги |
| Скрит в OPAC | Не |
| Koha issues (borrowed), all copies | 3 |
| 944 ## - СЪЗДАВАНЕ И РЕДАКЦИЯ на ЗАПИСА | |
| Създаване/Редакция | Създаване |
| Дата на регистрацията/редакция | 15.03.2013 |
| Служител, извършил регистрацията/редакцията | 30532 |
| Статус, дата на статуса | Мира Стойчева |
| 944 ## - СЪЗДАВАНЕ И РЕДАКЦИЯ на ЗАПИСА | |
| Създаване/Редакция | Редакция |
| Дата на регистрацията/редакция | 01.08.2013 |
| Служител, извършил регистрацията/редакцията | |
| 999 ## - СИСТЕМНИ КОНТРОЛНИ НОМЕРА | |
| Koha biblionumber | 134914 |
| Koha biblioitemnumber | 134914 |
| Код за отписване | Код за изгубен артикул | Код за повреда | Коз за рестрикции | Код за отдаване | Артикулен № | Име на библиотеката - собственик | Име на библиотеката, в която се намира в момента | Статус (Текущо местоположение) | Дата на вписване в системата | Местоположение - отдел | Цена в лева | Инвентарен номер | Систематично азбучна сигнатура | Баркод | Номер на екземпляра | Цена в евро | Служебна бележка | Служебен тип на артикула | Източник на класификационната схема |
|---|---|---|---|---|---|---|---|---|---|---|---|---|---|---|---|---|---|---|---|
| Не е изгубен | Не е повреден | без рестрикции | ползва се в читалня | 220607 | Регионална библиотека "Любен Каравелов" Русе | Регионална библиотека "Любен Каравелов" Русе | Хранилище | 2013-03-12 | Хранилище | 12.00 | 120000765009 | Цб 258775 | 120000765009 | 1 | 6.14 | Дост: Dp Вид: Д N: 46 Дата: 07.11.2011 | Книги | ||
| Не е изгубен | Не е повреден | без рестрикции | заемане за дома | 732829 | Регионална библиотека "Любен Каравелов" Русе | Регионална библиотека "Любен Каравелов" Русе | Детски отдел | 2019-08-22 | Детски отдел | 9.60 | ДХ 886.7/С 75 | 120000835838 | 4.91 | Книги | Universal Decimal Classification |